01522nam a22002777a 450000500170000000800410001702000180005804000250007604100080010108200170010911000910012624501720021726000830038930000370047250001620050950400420067150501100071350500780082350500950090150501240099665000150112065000250113565000270116065000240118765100330121120200104041626.0140605b2014 ec ||||| |||| 00| 0 spa d a9789978993279 aCO-BoIAVHcCO-BoIAVH aspa a333.95bU33a1 aUnión Internacional para la Conservación de la Naturaleza y los Recursos Naturales10aAcceso a recursos genéticos en América Latina y el Caribe :bimplementación del Protocolo de Nagoya a nivel nacional /ceditado por Montserrat Rios y Arturo Mora aQuitobUnión Internacinal para la Conservación de la Naturaleza UICNc2014 a60 p.bil. (col), mapasc25 cm. aPublicado en apoyo al marco de implementación del Protocolo de Nagoya sobre acceso y distribución de beneficios derivados del uso de recursos genéticos aIncluye bibliografía (pág. 59-60) aActividades del Proyecto Regional UICN-PNUMA/GEF-ABS-LAC y contexto de los elementos críticos (pag. 13) aNegociación y obligaciones derivadas de Protocolo de Nagoya (pág. 19) aElementos críticos para la implementación nacional del Protocolo de Nagoya (pág. 27) aSituar la investigación y las instituciones científicas nacionales dentro de la política nacional ABS (pág. 41) aBiología aRecursos genéticos aPolíticas Nacionales aProtocolo de Nagoya aAmérica Latina y el Caribe